000 00499nam a2200181 i 4500
001 sa 67004357
003 DLC
005 20260227112345.0
008 811015s1966 bg 00010 ben
010 _asa 67004357 //r81
050 0 _aPK1718.I79
_bC5
100 1 0 _aIslam, Azharul,
_d1913-
245 1 0 _aChāẏāpatha /
_cĀjahārula Isalāma.
260 0 _aḌhāka :
_bIusuphajī Pābalikeśāsna,
_c[1966]
300 _a5, 2, 2, 174, 2 p. ;
_c22 cm.
500 _aIn Bengali.
500 _aPoems.
999 _c74414
_d74414